[Event "DEM U10/U10w 2015"]
[Site "Willingen GER"]
[Date "2015.05.27"]
[Round "6"]
[White "Henzgen, Nick"]
[Black "Volk, Oskar"]
[Result "1/2-1/2"]
[Termination "normal"]
[Board "26"]
[WhiteElo "1269"]
[BlackElo "1078"]
[PlyCount "65"]
[WhiteFideId "16212347"]
[BlackFideId "16242645"]
[EventCountry "GER"]
[EventRounds "11"]
[EventType "swiss"]
[EventDate "2015.05.23"]

1. e4 e6 2. d4 d5 3. e5 c5 4. c3 Nc6 5. Nf3 Qb6 6. b3 cxd4 7. cxd4 Bb4+ 8. Bd2
Nxd4 9. Bxb4 Qxb4+ 10. Nbd2 Nxf3+ 11. Qxf3 Qd4 12. Bb5+ Bd7 13. Bxd7+ Kxd7 14.
Qxf7+ Ne7 15. O-O Qxd2 16. b4 Qg5 17. Qf3 Qxe5 18. Qd3 Rac8 19. Qb5+ Nc6 20.
Qxb7+ Rc7 21. Qb5 Rb8 22. Qd3 Rxb4 23. Qxh7 Nd4 24. Rae1 Ne2+ 25. Kh1 Rbc4 26.
Qb1 Rc2 27. Qb5+ Kc8 28. Qe8+ Kb7 29. Qb5+ Ka8 30. Qe8+ Rc8 31. Qd7 R2c7 32.
Qb5 Rc2 33. Qd7 1/2-1/2

[Event "DEM U10/U10w 2015"]
[Site "Willingen GER"]
[Date "2015.05.27"]
[Round "6"]
[White "Dietz, Kristin"]
[Black "Reuter, Max"]
[Result "1/2-1/2"]
[Termination "normal"]
[Board "27"]
[WhiteElo "1249"]
[BlackElo "1036"]
[PlyCount "133"]
[WhiteFideId "12993743"]
[BlackFideId "16263715"]
[EventCountry "GER"]
[EventRounds "11"]
[EventType "swiss"]
[EventDate "2015.05.23"]

1. e4 c5 2. Nf3 a6 3. d4 cxd4 4. Nxd4 e5 5. Nf3 Nf6 6. Nc3 Nc6 7. Bc4 Bb4 8.
Bd2 O-O 9. O-O d6 10. h3 Be6 11. Nd5 Bxd2 12. Nxd2 Na5 13. Nxf6+ Qxf6 14. Bxe6
Qxe6 15. Nf3 Rac8 16. Qd2 Nc4 17. Qb4 b5 18. Rad1 Rc6 19. Nd2 Nxd2 20. Rxd2 Rd8
21. Rfd1 Rc4 22. Qa5 Qc8 23. Rxd6 Rxd6 24. Rxd6 Rd4 25. Rxd4 exd4 26. e5 h6 27.
c3 d3 28. Kf1 Qc4 29. Ke1 Qe4+ 30. Kf1 d2 31. Qd8+ Kh7 32. Qxd2 Qb1+ 33. Ke2
Qe4+ 34. Qe3 Qc2+ 35. Kf3 Qxb2 36. Qd3+ Kg8 37. Qd8+ Kh7 38. Qa5 Kg8 39. Ke3
Qc1+ 40. Kf3 Qb2 41. g4 Qc2 42. Kg3 Qd3+ 43. f3 Qe3 44. Qd8+ Kh7 45. Qd4 Qxd4
46. cxd4 Kg8 47. Kf2 Kf8 48. d5 Ke7 49. d6+ Kd7 50. Ke2 f6 51. f4 g5 52. Ke3 b4
53. Ke4 a5 54. f5 a4 55. Kd5 b3 56. e6+ Kd8 57. Kc6 bxa2 58. e7+ Ke8 59. d7+
Kxe7 60. Kc7 a1=Q 61. d8=Q+ Kf7 62. Qd5+ Ke7 63. Qe6+ Kf8 64. Qc8+ Ke7 65. Qd7+
Kf8 66. Qd6+ Kf7 67. Qd7+ 1/2-1/2

[Event "DEM U10/U10w 2015"]
[Site "Willingen GER"]
[Date "2015.05.27"]
[Round "6"]
[White "Schmidt, Pauline"]
[Black "Schneider, Anna"]
[Result "1-0"]
[Termination "normal"]
[Board "28"]
[WhiteElo "1184"]
[BlackElo "1060"]
[PlyCount "81"]
[WhiteFideId "16209850"]
[BlackFideId "16200527"]
[EventCountry "GER"]
[EventRounds "11"]
[EventType "swiss"]
[EventDate "2015.05.23"]

1. e4 e5 2. Nf3 Nc6 3. Bc4 Bc5 4. c3 Nf6 5. d4 exd4 6. cxd4 Bb4+ 7. Bd2 Bxd2+
8. Nbxd2 d5 9. exd5 Nxd5 10. Qb3 Nce7 11. O-O O-O 12. Rfe1 c6 13. Rad1 Be6 14.
Qxb7 Qd6 15. Qb3 Rfb8 16. Qa3 Qd7 17. Ne5 Qe8 18. Qg3 Rxb2 19. Re4 Nf5 20. Qf3
Rc2 21. Ree1 Rc3 22. Qe4 Rc8 23. Rb1 f6 24. Nd3 Rd8 25. Qxe6+ Qxe6 26. Rxe6
Nxd4 27. Ree1 Rc2 28. Bxd5+ cxd5 29. Nf3 Ne2+ 30. Kf1 Nc3 31. Rb7 Rxa2 32. Ree7
Ra1+ 33. Nfe1 a5 34. Rxg7+ Kh8 35. Rxh7+ Kg8 36. Nf4 Rxe1+ 37. Kxe1 Re8+ 38.
Kf1 a4 39. Ng6 Re1+ 40. Kxe1 a3 41. Rh8# 1-0

[Event "DEM U10/U10w 2015"]
[Site "Willingen GER"]
[Date "2015.05.27"]
[Round "6"]
[White "Stillbauer, Jan"]
[Black "Röste, Hugo"]
[Result "1-0"]
[Termination "normal"]
[Board "29"]
[WhiteElo "1146"]
[BlackElo "1053"]
[PlyCount "61"]
[WhiteFideId "16239393"]
[BlackFideId "16247604"]
[EventCountry "GER"]
[EventRounds "11"]
[EventType "swiss"]
[EventDate "2015.05.23"]

1. e4 c5 2. Nf3 d6 3. d4 cxd4 4. Nxd4 Nf6 5. Nc3 g6 6. Be3 Bg7 7. f3 O-O 8. Qd2
Nc6 9. Nxc6 bxc6 10. Bh6 Bb7 11. O-O-O d5 12. exd5 Nxd5 13. Bxg7 Kxg7 14. h4 h5
15. g4 Nf6 16. Qg5 Qb6 17. Bd3 c5 18. Be2 Qc7 19. Rhg1 a6 20. gxh5 Nxh5 21.
Qxh5 Qf4+ 22. Kb1 e6 23. Qg5 Qc7 24. h5 Rh8 25. hxg6 Rag8 26. Ne4 Bxe4 27. fxe4
Kf8 28. g7+ Ke8 29. gxh8=Q Rxh8 30. Bxa6 Qc6 31. Rd8# 1-0

[Event "DEM U10/U10w 2015"]
[Site "Willingen GER"]
[Date "2015.05.27"]
[Round "6"]
[White "Handschuh, Felix"]
[Black "Breß, Amy Charlize"]
[Result "1/2-1/2"]
[Termination "normal"]
[Board "30"]
[WhiteElo "1114"]
[BlackElo "941"]
[PlyCount "102"]
[WhiteFideId "12997447"]
[BlackFideId "16233786"]
[EventCountry "GER"]
[EventRounds "11"]
[EventType "swiss"]
[EventDate "2015.05.23"]

1. e4 c6 2. Nc3 d5 3. d4 dxe4 4. Nxe4 Bf5 5. Ng3 Bg6 6. Nf3 Nd7 7. Be2 e6 8.
O-O Ngf6 9. Ne5 Bd6 10. f4 Qc7 11. c3 O-O 12. b3 Rfd8 13. Bb2 Nxe5 14. fxe5
Bxe5 15. Qe1 Bxg3 16. Qxg3 Qxg3 17. hxg3 Ne4 18. g4 Ng3 19. Rf2 Nxe2+ 20. Rxe2
Rd5 21. Re3 c5 22. dxc5 Rxc5 23. Rae1 Rg5 24. Rg3 Bf5 25. Rd1 Rxg4 26. Rxg4
Bxg4 27. Rd2 Kf8 28. Rd7 b6 29. Ba3+ Ke8 30. Re7+ Kd8 31. Rxf7 Rc8 32. Rxg7 Bf5
33. c4 a6 34. Rg8+ Kd7 35. Rxc8 Kxc8 36. Bb2 b5 37. cxb5 axb5 38. Kf2 b4 39.
Ke3 Kb7 40. Kd4 Ka6 41. Kc5 Ka5 42. a3 bxa3 43. Bxa3 e5 44. Bc1 Be6 45. b4+ Ka6
46. b5+ Kb7 47. Kd6 Bc4 48. Kxe5 Bxb5 49. Bf4 Bf1 50. g4 Bd3 51. g5 Kc6 1/2-1/2

[Event "DEM U10/U10w 2015"]
[Site "Willingen GER"]
[Date "2015.05.27"]
[Round "6"]
[White "Joppich, Til"]
[Black "Wallat, Alexandra"]
[Result "1-0"]
[Termination "normal"]
[Board "31"]
[WhiteElo "1108"]
[BlackElo "935"]
[PlyCount "151"]
[WhiteFideId "16232917"]
[BlackFideId "16211413"]
[EventCountry "GER"]
[EventRounds "11"]
[EventType "swiss"]
[EventDate "2015.05.23"]

1. e4 d5 2. exd5 Qxd5 3. Nc3 Qa5 4. Bc4 Nf6 5. Nf3 Bg4 6. d3 c6 7. Bd2 Qc7 8.
Qe2 e6 9. h3 Bxf3 10. Qxf3 Bd6 11. Bg5 Nbd7 12. g4 Ne5 13. Qe3 Nxc4 14. dxc4
O-O-O 15. Qxa7 h6 16. Bxf6 gxf6 17. O-O-O Bf4+ 18. Kb1 Rxd1+ 19. Rxd1 Rd8 20.
Qa8+ Qb8 21. Qxb8+ Bxb8 22. Rxd8+ Kxd8 23. Ne4 f5 24. gxf5 exf5 25. Nf6 Be5 26.
Nh5 Bd4 27. f3 Bc5 28. c3 Kc7 29. Kc2 Kb6 30. b4 Be7 31. Nf4 Ka6 32. a4 Ka7 33.
b5 Bd8 34. Nd3 Bb6 35. c5 Ba5 36. b6+ Ka6 37. Ne5 f6 38. Nd7 Bxc3 39. Kxc3 Ka5
40. Nb8 Kxa4 41. Nxc6 Kb5 42. Nd8 Kxc5 43. Nxb7+ Kxb6 44. Nd8 Kc7 45. Nf7 h5
46. f4 Kd7 47. Nh8 Ke6 48. Kd4 Kd6 49. Ng6 Ke6 50. Nh4 Kd6 51. Ng6 Ke6 52. Kc5
Kd7 53. Kd5 Ke8 54. Ke6 Kd8 55. Kxf6 Ke8 56. Kxf5 Kf7 57. Kg5 Kg7 58. Kxh5 Kg8
59. f5 Kg7 60. Kg5 Kf7 61. h4 Kg7 62. h5 Kg8 63. f6 Kf7 64. h6 Kg8 65. h7+ Kf7
66. h8=Q Ke6 67. Qe8+ Kd5 68. Qe7 Kd4 69. f7 Kd5 70. f8=Q Kc6 71. Qff6+ Kd5 72.
Qee5+ Kc4 73. Qff4+ Kd3 74. Qee3+ Kc2 75. Qff2+ Kd1 76. Qee1# 1-0

[Event "DEM U10/U10w 2015"]
[Site "Willingen GER"]
[Date "2015.05.27"]
[Round "6"]
[White "Bashylina, Luisa"]
[Black "Wehrle, Maximilian"]
[Result "1/2-1/2"]
[Termination "normal"]
[Board "33"]
[WhiteElo "1223"]
[BlackElo "1108"]
[PlyCount "75"]
[WhiteFideId "12983292"]
[BlackFideId "65600347"]
[EventCountry "GER"]
[EventRounds "11"]
[EventType "swiss"]
[EventDate "2015.05.23"]

1. e4 e5 2. Nf3 Nc6 3. d4 exd4 4. Nxd4 Bc5 5. Be3 Qf6 6. c3 Nge7 7. Bc4 Ne5 8.
Be2 O-O 9. O-O d6 10. b4 Bb6 11. Na3 a6 12. Nac2 Qg6 13. f4 N5c6 14. Bd3 Qg4
15. Qxg4 Bxg4 16. f5 f6 17. Kh1 Kh8 18. Nxc6 Nxc6 19. Bxb6 cxb6 20. Ne3 Bh5 21.
Nd5 b5 22. h3 Bf7 23. Nf4 Ne5 24. Rfd1 Rad8 25. a3 Rd7 26. a4 bxa4 27. Rxa4
Nxd3 28. Rxd3 Bc4 29. Rd2 Re8 30. Rd4 Bf7 31. Ra1 Rc8 32. Rc1 g6 33. fxg6 hxg6
34. h4 Kg7 35. g3 Rc4 36. Rxc4 Bxc4 37. Kg2 Re7 38. Kf3 1/2-1/2

[Event "DEM U10/U10w 2015"]
[Site "Willingen GER"]
[Date "2015.05.27"]
[Round "6"]
[White "Schupfer, Michael"]
[Black "Sklarski, Lior"]
[Result "0-1"]
[Termination "normal"]
[Board "34"]
[WhiteElo "1173"]
[BlackElo "1087"]
[PlyCount "62"]
[BlackFideId "12987077"]
[EventCountry "GER"]
[EventRounds "11"]
[EventType "swiss"]
[EventDate "2015.05.23"]

1. e4 e6 2. d4 d5 3. exd5 exd5 4. Nc3 c6 5. h3 Bd6 6. Nf3 Nf6 7. Bg5 Be6 8. Qd3
Nbd7 9. O-O-O O-O 10. Re1 Re8 11. Ne5 Qc7 12. Qe3 Bf5 13. Qf3 Bxe5 14. dxe5
Rxe5 15. Rxe5 Qxe5 16. Bd3 Bxd3 17. Bxf6 Nxf6 18. Qxd3 Re8 19. b3 Qg5+ 20. Kd1
Qxg2 21. Rf1 Ne4 22. Re1 Nxf2+ 23. Kd2 Nxd3+ 24. Kxd3 Rxe1 25. Kd4 b6 26. Nxd5
Qxd5+ 27. Kc3 Rd1 28. Kb2 Qc5 29. h4 Rd2 30. h5 Rxc2+ 31. Kb1 Qc3 0-1

[Event "DEM U10/U10w 2015"]
[Site "Willingen GER"]
[Date "2015.05.27"]
[Round "6"]
[White "Baltic, Sara"]
[Black "Liu, Sijia Anna"]
[Result "0-1"]
[Termination "normal"]
[Board "35"]
[WhiteElo "1129"]
[BlackElo "1147"]
[PlyCount "102"]
[WhiteFideId "16210409"]
[BlackFideId "12989746"]
[EventCountry "GER"]
[EventRounds "11"]
[EventType "swiss"]
[EventDate "2015.05.23"]

1. e4 c5 2. Nc3 Nc6 3. g3 g6 4. Bg2 Bg7 5. f4 e6 6. Nge2 Nge7 7. d3 d6 8. Be3
a6 9. d4 cxd4 10. Bxd4 Nxd4 11. Nxd4 Qb6 12. Nb3 Bd7 13. a4 Qe3+ 14. Qe2 Bxc3+
15. bxc3 Qxc3+ 16. Qd2 Qxd2+ 17. Nxd2 Rc8 18. c4 O-O 19. O-O b5 20. Rfc1 bxa4
21. e5 d5 22. g4 dxc4 23. Bb7 Rc7 24. Bxa6 c3 25. Ne4 Nd5 26. Nd6 Nxf4 27. Kf2
Ra8 28. Bc4 Nd5 29. Bd3 f6 30. exf6 Nxf6 31. h3 Kf8 32. Ne4 Nxe4+ 33. Bxe4 Ra5
34. Ra3 Rac5 35. Ke3 Bb5 36. h4 Kf7 37. h5 gxh5 38. Bxh7 hxg4 39. Kf4 Kf6 40.
Be4 Rc4 41. Ra2 Bc6 42. Kxg4 Rxe4+ 43. Kf3 Re1+ 44. Kf4 Rxc1 45. Rh2 Rh1 46.
Rf2 e5+ 47. Kg4+ Ke6 48. Rf7 Rxf7 49. Kg3 Rg1+ 50. Kh2 Rg8 51. Kh3 Rh7# 0-1

[Event "DEM U10/U10w 2015"]
[Site "Willingen GER"]
[Date "2015.05.27"]
[Round "6"]
[White "Zwecker, Hagen"]
[Black "Kalina, Lena"]
[Result "1-0"]
[Termination "normal"]
[Board "36"]
[WhiteElo "1145"]
[BlackElo "993"]
[PlyCount "167"]
[WhiteFideId "12991007"]
[BlackFideId "12988014"]
[EventCountry "GER"]
[EventRounds "11"]
[EventType "swiss"]
[EventDate "2015.05.23"]

1. e4 e5 2. Nf3 Nc6 3. Bc4 Bc5 4. O-O Nf6 5. d4 exd4 6. e5 Ng4 7. h3 Nh6 8. Bg5
Be7 9. Bxe7 Qxe7 10. Nxd4 Nxd4 11. Qxd4 O-O 12. Nc3 Nf5 13. Qf4 d6 14. Rfe1 Qd8
15. Rad1 Qh4 16. Qxh4 Nxh4 17. exd6 cxd6 18. Rxd6 Bf5 19. Bd3 Bxd3 20. cxd3 Nf5
21. Rd7 b6 22. g4 Nh4 23. Nb5 Nf3+ 24. Kf1 Nxe1 25. Kxe1 a5 26. Rb7 Rad8 27.
Kd2 Rd5 28. Nc3 Rd6 29. Nb5 Rc6 30. Nd4 Rd6 31. Nf5 Rf6 32. f4 g6 33. Ne7+ Kg7
34. f5 g5 35. Nd5 Rd6 36. Nc7 Kh6 37. Nb5 Rf6 38. Nc3 Rd6 39. Ne4 Rc6 40. d4
Rd8 41. Kd3 Rd5 42. Rxf7 Rb5 43. Nf6 Rxf6 44. Rxf6+ Kg7 45. Rc6 Rxb2 46. Rc2
Rb1 47. Rh2 Rg1 48. Kc4 Rb1 49. d5 Rb4+ 50. Kc3 Kf6 51. Re2 Rf4 52. Kd3 Rf3+
53. Re3 Rxe3+ 54. Kxe3 Ke5 55. Kd3 Kxd5 56. Kc3 b5 57. Kb3 h6 58. a4 b4 59. Kb2
Ke5 60. Kc2 Kd6 61. Kd3 Kd5 62. Ke3 b3 63. Kd3 b2 64. Kc2 b1=Q+ 65. Kxb1 Ke5
66. Kc2 Kd6 67. Kd3 Kd5 68. Kc3 Kc5 69. f6 Kd6 70. Kc4 Ke6 71. Kb5 Kxf6 72.
Kxa5 Ke6 73. Kb4 Kd6 74. a5 Kd7 75. a6 Kc8 76. a7 Kd7 77. a8=Q Ke6 78. Qc6+ Ke5
79. Qd7 Kf4 80. Qf5+ Kg3 81. Kc5 Kh4 82. Qf3 h5 83. Kd5 hxg4 84. Qxg4# 1-0

[Event "DEM U10/U10w 2015"]
[Site "Willingen GER"]
[Date "2015.05.27"]
[Round "6"]
[White "Reuter, Elisa"]
[Black "Kriuckova, Sonia"]
[Result "1-0"]
[Termination "normal"]
[Board "37"]
[WhiteElo "1133"]
[BlackElo "1297"]
[PlyCount "145"]
[WhiteFideId "12995444"]
[BlackFideId "16204310"]
[EventCountry "GER"]
[EventRounds "11"]
[EventType "swiss"]
[EventDate "2015.05.23"]

1. e4 c5 2. Nf3 Nc6 3. Bb5 d6 4. Bxc6+ bxc6 5. O-O Nf6 6. Re1 e6 7. d3 Ba6 8.
Nc3 Rb8 9. e5 Nd5 10. exd6 Bxd6 11. Ne4 Be7 12. c4 Nf6 13. Qc2 Qc7 14. b3 O-O
15. Bb2 Nxe4 16. dxe4 Rfd8 17. Rad1 h6 18. Be5 Bd6 19. Bxd6 Rxd6 20. Rxd6 Qxd6
21. Rd1 Qc7 22. e5 Rd8 23. Rxd8+ Qxd8 24. Qd2 Qxd2 25. Nxd2 Kf8 26. Ne4 Bc8 27.
Nxc5 Ke7 28. f4 f6 29. exf6+ gxf6 30. Kf2 e5 31. fxe5 fxe5 32. Ke3 Bf5 33. b4
Bb1 34. a3 Ba2 35. Ke4 Bxc4 36. Kxe5 Bd5 37. g3 Bg2 38. h4 Bh3 39. Nb7 Bd7 40.
Nc5 Bh3 41. a4 Bg4 42. a5 Bh3 43. Kf4 Kd6 44. Ke4 Bg4 45. Kf4 Bh3 46. Ke4 Bg4
47. Kd4 Bh3 48. Ne4+ Kc7 49. Nf2 Be6 50. g4 Kd7 51. g5 hxg5 52. hxg5 Ke7 53.
Kc5 Bd7 54. Ne4 Be8 55. Nd6 Bd7 56. Nb7 Kf7 57. Nd8+ Ke7 58. Nxc6+ Bxc6 59.
Kxc6 Kf7 60. b5 Kg6 61. b6 axb6 62. axb6 Kxg5 63. b7 Kf6 64. b8=Q Kf5 65. Qe8
Kf4 66. Qe6 Kf3 67. Qe5 Kf2 68. Qe4 Kf1 69. Qc2 Ke1 70. Kd5 Kf1 71. Ke4 Kg1 72.
Kf3 Kh1 73. Qg2# 1-0

[Event "DEM U10/U10w 2015"]
[Site "Willingen GER"]
[Date "2015.05.27"]
[Round "6"]
[White "Straub, Benno"]
[Black "Orlova, Alicia"]
[Result "0-1"]
[Termination "normal"]
[Board "38"]
[WhiteElo "1022"]
[BlackElo "1110"]
[PlyCount "38"]
[WhiteFideId "16255488"]
[BlackFideId "34154563"]
[EventCountry "GER"]
[EventRounds "11"]
[EventType "swiss"]
[EventDate "2015.05.23"]

1. e4 e5 2. Nf3 Nc6 3. Nc3 Nf6 4. Bb5 a6 5. Ba4 d6 6. h3 Bd7 7. O-O Be7 8. d3
h6 9. Be3 Na7 10. Bxd7+ Qxd7 11. d4 exd4 12. Bxd4 Nc6 13. Be3 g5 14. Nd5 O-O-O
15. Qd3 Kb8 16. Rab1 Rdg8 17. b4 g4 18. b5 gxf3 19. g4 Rxg4+ 0-1

[Event "DEM U10/U10w 2015"]
[Site "Willingen GER"]
[Date "2015.05.27"]
[Round "6"]
[White "Youness, Sali"]
[Black "Gehle, Joshua"]
[Result "0-1"]
[Termination "normal"]
[Board "39"]
[WhiteElo "897"]
[BlackElo "948"]
[PlyCount "86"]
[BlackFideId "16273753"]
[EventCountry "GER"]
[EventRounds "11"]
[EventType "swiss"]
[EventDate "2015.05.23"]

1. e4 e5 2. Nf3 Nc6 3. Bc4 Nf6 4. d3 Bc5 5. c3 d6 6. Be3 Bg4 7. Nbd2 O-O 8. Bg5
Re8 9. Bh4 Qe7 10. h3 Bh5 11. g4 Bg6 12. Qe2 Rad8 13. O-O-O Rb8 14. Bxf6 Qxf6
15. g5 Qd8 16. h4 Bh5 17. Qe1 b5 18. Bd5 Rb6 19. g6 hxg6 20. Kb1 b4 21. Rc1 Qc8
22. Ng5 Rf8 23. Nc4 Ra6 24. Qf1 Qg4 25. f3 Qf4 26. Qg2 bxc3 27. Rxc3 Bd4 28.
Rcc1 Nb4 29. a3 Nxd5 30. exd5 f6 31. Ne6 Bxf3 32. Qc2 Qg4 33. Nxf8 Bxh1 34.
Rxh1 Kxf8 35. Qd2 Qf3 36. Re1 c5 37. dxc6 Rxc6 38. Qb4 Qxd3+ 39. Ka1 Qxc4 40.
Qb8+ Rc8 41. Qxd6+ Kg8 42. Kb1 Qc2+ 43. Ka2 Qxb2# 0-1

[Event "DEM U10/U10w 2015"]
[Site "Willingen GER"]
[Date "2015.05.27"]
[Round "6"]
[White "Ruppert, Jeremy"]
[Black "Klühs, Isabel"]
[Result "1-0"]
[Termination "normal"]
[Board "40"]
[WhiteElo "1147"]
[BlackElo "901"]
[PlyCount "57"]
[BlackFideId "16228944"]
[EventCountry "GER"]
[EventRounds "11"]
[EventType "swiss"]
[EventDate "2015.05.23"]

1. e4 c5 2. Nf3 Nc6 3. d4 cxd4 4. Nxd4 Nf6 5. Nc3 e5 6. Nb3 Bb4 7. Bc4 Nxe4 8.
Qd5 Bxc3+ 9. bxc3 Ng5 10. Bxg5 O-O 11. Bxd8 Nxd8 12. h4 Nc6 13. h5 a6 14. Qd6
Re8 15. g4 e4 16. Qf4 Ne5 17. g5 Kf8 18. Bd5 d6 19. g6 f6 20. gxh7 Ke7 21. h6
g5 22. Qxe4 g4 23. Bg8 Be6 24. Qxb7+ Nd7 25. Bxe6 Kxe6 26. O-O-O f5 27. Rde1+
Ne5 28. Nd4+ Kf6 29. Qg7# 1-0

[Event "DEM U10/U10w 2015"]
[Site "Willingen GER"]
[Date "2015.05.27"]
[Round "6"]
[White "Kieckbusch, Lotta"]
[Black "Heutling, Elina"]
[Result "0-1"]
[Termination "normal"]
[Board "41"]
[WhiteElo "749"]
[BlackElo "1140"]
[PlyCount "122"]
[WhiteFideId "16214390"]
[BlackFideId "16244729"]
[EventCountry "GER"]
[EventRounds "11"]
[EventType "swiss"]
[EventDate "2015.05.23"]

1. e4 e5 2. Nf3 Nc6 3. Bc4 Bc5 4. Nc3 Nf6 5. d3 d6 6. Bg5 h6 7. Bh4 g5 8. Bg3
Bg4 9. Qd2 Bxf3 10. gxf3 Nd4 11. Qd1 h5 12. h3 Qd7 13. Nd5 Nxd5 14. Bxd5 c6 15.
Bb3 O-O-O 16. c3 Nb5 17. Qd2 h4 18. Bh2 Qxh3 19. Qe2 Qg2 20. O-O-O Qxf2 21.
Qxf2 Bxf2 22. Bxf7 Rdf8 23. Be6+ Kd8 24. Bg4 Be3+ 25. Kb1 Bf4 26. c4 Nd4 27.
Bxf4 Rxf4 28. Rdf1 Rhf8 29. Rh3 Kc7 30. Kc1 Kb6 31. Kd2 Kc5 32. Kc3 a5 33. a3
a4 34. b4+ axb3 35. Kb2 b5 36. Rg1 bxc4 37. dxc4 Kxc4 38. Rc1+ Kb5 39. Rc3 Ka4
40. Rc4+ Kb5 41. Rc3 Ra8 42. Rd3 Rd8 43. Rc3 d5 44. exd5 cxd5 45. Re3 e4 46.
Rc3 exf3 47. Bxf3 Re8 48. Rd3 Rc8 49. Re3 Rc2+ 50. Ka1 g4 51. Rxh4 Nxf3 52.
Rxb3+ Ka4 53. Rb4+ Rxb4 54. axb4 Kb3 55. Rh1 Ra2+ 56. Kb1 Nd2+ 57. Kc1 Ra1+ 58.
Kxd2 Rxh1 59. Kd3 Kxb4 60. Kd4 g3 61. Kxd5 g2 0-1

[Event "DEM U10/U10w 2015"]
[Site "Willingen GER"]
[Date "2015.05.27"]
[Round "6"]
[White "Gossing, Marie-Sophie"]
[Black "Pflugradt, Natalie"]
[Result "0-1"]
[Termination "normal"]
[Board "43"]
[WhiteElo "762"]
[BlackElo "1120"]
[PlyCount "56"]
[WhiteFideId "16217284"]
[BlackFideId "16212444"]
[EventCountry "GER"]
[EventRounds "11"]
[EventType "swiss"]
[EventDate "2015.05.23"]

1. e4 e5 2. Nf3 Nc6 3. Bc4 Nf6 4. d3 h6 5. O-O Bc5 6. Nc3 d6 7. h3 Be6 8. Bxe6
fxe6 9. a3 Qd7 10. Na4 Bb6 11. Nxb6 axb6 12. Re1 O-O 13. Nh4 (13. Nh2) 13...
Qf7 14. Re3 Rad8 15. Rg3 Qh5 16. Qe1 Qxh4 17. Qe3 Kh7 18. Bd2 Nd4 19. Re1 Nxc2
20. Qf3 Nxe1 21. Bxe1 Nh5 22. Rg4 Qe7 23. Qe3 Qf7 24. Bd2 Nf4 25. Qg3 Ne2+ 26.
Kh1 Nxg3+ 27. Rxg3 Qxf2 28. Be3 Qxg3 0-1